[Event "Heraklion Gazi op 10th"]
[Site "Heraklion"]
[Date "2014.07.30"]
[Round "1"]
[White "Fragiadaki, Irini"]
[Black "Katergiannakis, Stelios"]
[Result "1-0"]
[WhiteElo "1564"]
[BlackElo "1000"]
[PlyCount "59"]
[EventDate "2014.07.30"]
[EventType "swiss"]
[EventRounds "9"]
[EventCountry "GRE"]
[SourceTitle "EXT 2016"]
[Source "ChessBase"]
[SourceDate "2015.10.08"]
[SourceVersion "1"]
[SourceVersionDate "2015.10.08"]
[SourceQuality "1"]

1. e4 Nf6 2. Nc3 d6 3. Bc4 Bg4 4. Nf3 Nc6 5. 0-0 e5 6. d3 Be7 7. Be3 0-0 8. Nd5 Na5 9. Nxe7+ Qxe7 10. Bb3 Nxb3 11. axb3 d5 12. exd5 Nxd5 13. Bxa7 e4 14. Re1 Bxf3 15. gxf3 Qg5+ 16. Kf1 exf3 17. Qxf3 Rae8 18. Bc5 Ne7 19. Be3 Qh4 20. Bf4 Ng6 21. Bxc7 Rc8 22. Bg3 Qd8 23. Re2 Ra8 24. Rae1 Rc8 25. Qxb7 Ne7 26. Bh4 Rb8 27. Qxe7 f6 28. Qxd8 Rfxd8 29. Re7 g5 30. Bg3 1-0